00398 2200157 4500001002100000008004100021035002000062245004400082260003000126300001500156020001800171084001700189082001100206650001000217990001300227INLIS000000000000011 ind  a0010-0921000011 aGolden Bird : UltimatecLuna Torashyngu aJakarta :bGramediac2014 a272c20 cm a9786020302720 a808.83 LUN g a808.83 aFiksi aDI. 2129